Phân tích khả năng tiếp cận nguồn vốn tín dụng tiêu dùng của giáo viên phổ thông các cấp trên địa bàn tỉnh Vĩnh Long : Luận văn tốt nghiệp cao học. Chuyên ngành Kinh tế tài chính ngân hàng
Phân tích thực trạng tiếp cận tín dụng của giáo viên phổ thông các cấp; Phân tích các yếu tố ảnh hưởng đến khả năng tiếp cận vốn tín dụng và lượng vốn vay của giáo viên phổ thông các cấp trên địa bàn tỉnh Vĩnh Long; Đề xuất các giả...
שמור ב:
| מחבר ראשי: | |
|---|---|
| פורמט: | ספר |
| שפה: | Undetermined |
| יצא לאור: |
Cần Thơ
Trường Đại học Cần Thơ
2016
|
| נושאים: | |
| תגים: |
הוספת תג
אין תגיות, היה/י הראשונ/ה לתייג את הרשומה!
|
| Thư viện lưu trữ: | Trung tâm Học liệu Trường Đại học Cần Thơ |
|---|
| LEADER | 01468nam a2200217Ia 4500 | ||
|---|---|---|---|
| 001 | CTU_209329 | ||
| 008 | 210402s9999 xx 000 0 und d | ||
| 082 | |a 332.7 | ||
| 082 | |b K308 | ||
| 088 | |a 60340201 | ||
| 100 | |a Nguyễn, Anh Kiệt | ||
| 245 | 0 | |a Phân tích khả năng tiếp cận nguồn vốn tín dụng tiêu dùng của giáo viên phổ thông các cấp trên địa bàn tỉnh Vĩnh Long : | |
| 245 | 0 | |b Luận văn tốt nghiệp cao học. Chuyên ngành Kinh tế tài chính ngân hàng | |
| 245 | 0 | |c Nguyễn Anh Kiệt ; Bùi Văn Trịnh (hướng dẫn khoa học) | |
| 260 | |a Cần Thơ | ||
| 260 | |b Trường Đại học Cần Thơ | ||
| 260 | |c 2016 | ||
| 520 | |a Phân tích thực trạng tiếp cận tín dụng của giáo viên phổ thông các cấp; Phân tích các yếu tố ảnh hưởng đến khả năng tiếp cận vốn tín dụng và lượng vốn vay của giáo viên phổ thông các cấp trên địa bàn tỉnh Vĩnh Long; Đề xuất các giải pháp làm tăng khả năng tiếp cận vốn tín dụng và lượng vốn vay của giáo viên phổ thông các cấp tại địa phương | ||
| 650 | |a Tín dụng,Credit | ||
| 904 | |i Trần Thị Hồng Ngọc (Nguyên) | ||
| 980 | |a Trung tâm Học liệu Trường Đại học Cần Thơ | ||